000 00493nam a2200181Ia 4500
001 29038
003 IN-NITTTR
005 20251114233357.0
008 251113s9999||||xx |||||||||||||| ||eng||
040 _beng
040 _cIN-NITTTR
041 _aeng
082 _a519.2 P11P
100 _aPapoulis, Athanasios
245 0 _aProbability, random variables, and stochastic processes /
_cPapoulis, Athanasios, Pillai, S. Unnikrishna
700 _a Pillai, S. Unnikrishna
942 _2ddc
_cBK
999 _c31666
_d31666